[Event "DVM U16 2015"]
[Site "Lingen (Ems) GER"]
[Date "2015.12.27"]
[Round "1"]
[White "Rätzke von Stoyentin, Steffen"]
[Black "Böhning, Kilian"]
[Result "0-1"]
[Termination "normal"]
[Board "3.1"]
[WhiteElo "1984"]
[BlackElo "2050"]
[WhiteClock "00:30:26"]
[BlackClock "01:01:58"]
[WhiteTeam "SC Aurich"]
[BlackTeam "Hagener SV"]
[PlyCount "96"]
[WhiteFideId "12907502"]
[BlackFideId "1270499"]
[EventCountry "GER"]
[EventRounds "7"]
[EventType "team-swiss"]
[EventDate "2015.12.26"]

1. d4 {[%clk 1:30:56]} Nf6 {[%clk 1:30:18]} 2. c4 {[%clk 1:30:53]} g6 {[%clk
1:30:42]} 3. Nc3 {[%clk 1:30:59]} d5 {[%clk 1:31:01]} 4. e3 {[%clk 1:29:55]}
Bg7 {[%clk 1:30:29]} 5. Nf3 {[%clk 1:28:11]} c6 {[%clk 1:30:15]} 6. Ne5 {[%clk
1:21:52]} O-O {[%clk 1:28:10]} 7. Bd3 {[%clk 1:20:47]} dxc4 {[%clk 1:26:35]} 8.
Bxc4 {[%clk 1:20:14]} Nbd7 {[%clk 1:26:39]} 9. O-O {[%clk 1:17:23]} Qc7 {[%clk
1:24:25]} 10. Nxf7 {[%clk 1:16:00]} Rxf7 {[%clk 1:24:45]} 11. Qb3 {[%clk
1:15:24]} e6 {[%clk 1:25:13]} 12. Bxe6 {[%clk 1:15:46]} Nf8 {[%clk 1:24:35]}
13. Bxf7+ {[%clk 1:14:00]} Qxf7 {[%clk 1:24:58]} 14. Qxf7+ {[%clk 1:13:46]}
Kxf7 {[%clk 1:25:22]} 15. e4 {[%clk 1:12:55]} Ne8 {[%clk 1:20:43]} 16. Be3
{[%clk 0:56:49]} Nd6 {[%clk 1:19:02]} 17. Rad1 {[%clk 0:54:07]} Nc4 {[%clk
1:18:28]} 18. b3 {[%clk 0:54:15]} Nxe3 {[%clk 1:17:40]} 19. fxe3+ {[%clk
0:54:39]} Ke7 {[%clk 1:16:31]} 20. e5 {[%clk 0:53:14]} Bh6 {[%clk 1:15:25]} 21.
e4 {[%clk 0:52:23]} Bg4 {[%clk 1:15:27]} 22. Rd3 {[%clk 0:52:02]} Rd8 {[%clk
1:15:40]} 23. Kh1 {[%clk 0:45:26]} Bg7 {[%clk 1:12:30]} 24. h3 {[%clk 0:43:08]}
Be6 {[%clk 1:12:06]} 25. Rdd1 {[%clk 0:43:12]} Bg8 {[%clk 1:11:04]} 26. Ne2
{[%clk 0:30:26]} Ne6 {[%clk 1:03:44]} 27. h4 {[%clk 0:26:16]} Nc7 {[%clk
1:01:44]} 28. Rc1 {[%clk 0:22:14]} Ne6 {[%clk 0:58:25]} 29. Rfd1 {[%clk
0:20:47]} Bh6 {[%clk 0:58:14]} 30. Rc3 {[%clk 0:19:23]} Nf4 {[%clk 0:57:14]}
31. Ng1 {[%clk 0:17:51]} Be6 {[%clk 0:56:08]} 32. d5 {[%clk 0:11:41]} cxd5
{[%clk 0:52:54]} 33. g3 {[%clk 0:12:02]} Bg4 {[%clk 0:47:17]} 34. Rc7+ {[%clk
0:10:37]} Rd7 {[%clk 0:47:06]} 35. Rxd7+ {[%clk 0:11:03]} Kxd7 {[%clk 0:47:30]}
36. Rf1 {[%clk 0:11:11]} Nh5 {[%clk 0:47:50]} 37. Rf7+ {[%clk 0:10:11]} Ke6
{[%clk 0:48:12]} 38. Rxh7 {[%clk 0:09:46]} Bg7 {[%clk 0:48:27]} 39. exd5+
{[%clk 0:04:35]} Kxd5 {[%clk 0:42:12]} 40. Kh2 {[%clk 0:04:50]} Be6 {[%clk
0:41:41]} 41. Ne2 {[%clk 0:02:39]} Bxe5 {[%clk 0:34:09]} 42. Rxb7 {[%clk
0:02:30]} Bg4 {[%clk 0:32:14]} 43. Nf4+ {[%clk 0:01:21]} Nxf4 {[%clk 0:32:33]}
44. gxf4 {[%clk 0:01:25]} Bxf4+ {[%clk 0:32:39]} 45. Kg2 {[%clk 0:01:34]} Be3
{[%clk 0:32:41]} 46. Kg3 {[%clk 0:01:32]} Bf5 {[%clk 0:32:19]} 47. Kf3 {[%clk
0:30:32]} Bb6 {[%clk 1:02:13]} 48. Rg7 {[%clk 0:30:26]} Kd4 {[%clk 1:01:58]} *

[Event "DVM U16 2015"]
[Site "Lingen (Ems) GER"]
[Date "2015.12.27"]
[Round "1"]
[White "Balazs, Balint"]
[Black "Neumann, Tiemon"]
[Result "1-0"]
[Termination "normal"]
[Board "3.2"]
[WhiteElo "1931"]
[BlackElo "1743"]
[WhiteClock "00:06:41"]
[BlackClock "00:23:03"]
[WhiteTeam "Hagener SV"]
[BlackTeam "SC Aurich"]
[PlyCount "97"]
[WhiteFideId "12922757"]
[BlackFideId "12925462"]
[EventCountry "GER"]
[EventRounds "7"]
[EventType "team-swiss"]
[EventDate "2015.12.26"]

1. d4 {[%clk 1:30:57]} Nf6 {[%clk 1:30:49]} 2. g4 {[%clk 1:31:23]} Nxg4 {[%clk
1:31:00]} 3. e4 {[%clk 1:31:47]} d6 {[%clk 1:31:23]} 4. Be2 {[%clk 1:30:31]}
Nf6 {[%clk 1:31:04]} 5. Nc3 {[%clk 1:30:51]} Nbd7 {[%clk 1:29:27]} 6. Be3
{[%clk 1:24:16]} e5 {[%clk 1:27:16]} 7. d5 {[%clk 1:24:22]} c6 {[%clk 1:25:43]}
8. Qd2 {[%clk 1:18:21]} Qa5 {[%clk 1:21:35]} 9. O-O-O {[%clk 1:14:29]} Nc5
{[%clk 1:14:32]} 10. Bxc5 {[%clk 1:08:22]} Qxc5 {[%clk 1:14:13]} 11. f4 {[%clk
1:07:32]} cxd5 {[%clk 1:11:04]} 12. fxe5 {[%clk 0:59:28]} Nxe4 {[%clk 1:05:19]}
13. Nxe4 {[%clk 0:51:25]} dxe4 {[%clk 1:05:37]} 14. exd6 {[%clk 0:51:24]} Bd7
{[%clk 1:05:05]} 15. Qf4 {[%clk 0:41:15]} O-O-O {[%clk 1:02:54]} 16. Qxe4
{[%clk 0:32:59]} Bxd6 {[%clk 1:01:19]} 17. Rd5 {[%clk 0:27:23]} Bf4+ {[%clk
0:57:32]} 18. Kb1 {[%clk 0:25:16]} Qe3 {[%clk 0:54:38]} 19. Qxe3 {[%clk
0:24:04]} Bxe3 {[%clk 0:54:28]} 20. Nf3 {[%clk 0:21:26]} Bc6 {[%clk 0:50:33]}
21. Rxd8+ {[%clk 0:20:26]} Rxd8 {[%clk 0:50:43]} 22. Re1 {[%clk 0:19:41]} f6
{[%clk 0:46:59]} 23. b3 {[%clk 0:17:36]} Bb6 {[%clk 0:39:30]} 24. Rf1 {[%clk
0:15:34]} Re8 {[%clk 0:37:28]} 25. Bd3 {[%clk 0:15:47]} g6 {[%clk 0:34:39]} 26.
Nd2 {[%clk 0:15:30]} Bc7 {[%clk 0:33:57]} 27. Nc4 {[%clk 0:15:15]} Bxh2 {[%clk
0:33:58]} 28. Rxf6 {[%clk 0:15:00]} Re1+ {[%clk 0:32:26]} 29. Kb2 {[%clk
0:15:23]} Be5+ {[%clk 0:32:28]} 30. Nxe5 {[%clk 0:15:44]} Rxe5 {[%clk 0:32:56]}
31. Rf7 {[%clk 0:15:16]} Rh5 {[%clk 0:32:44]} 32. Kc3 {[%clk 0:14:36]} Rh4
{[%clk 0:32:30]} 33. Rg7 {[%clk 0:13:05]} a6 {[%clk 0:29:31]} 34. Bc4 {[%clk
0:11:22]} Be4 {[%clk 0:28:58]} 35. b4 {[%clk 0:09:27]} Bxc2 {[%clk 0:28:14]}
36. Be6+ {[%clk 0:09:31]} Kb8 {[%clk 0:27:53]} 37. Kxc2 {[%clk 0:09:55]} Rxb4
{[%clk 0:27:52]} 38. Rxh7 {[%clk 0:10:15]} g5 {[%clk 0:27:49]} 39. Rg7 {[%clk
0:10:05]} Rb5 {[%clk 0:28:02]} 40. Bc4 {[%clk 0:09:19]} Rc5 {[%clk 0:27:53]}
41. Kd3 {[%clk 0:09:42]} Rf5 {[%clk 0:26:05]} 42. Bb3 {[%clk 0:08:23]} Rb5
{[%clk 0:25:41]} 43. Kd4 {[%clk 0:07:20]} g4 {[%clk 0:25:21]} 44. Bc4 {[%clk
0:07:20]} Rb4 {[%clk 0:25:25]} 45. Kc3 {[%clk 0:06:59]} Ra4 {[%clk 0:24:20]}
46. Rxg4 {[%clk 0:05:53]} b5 {[%clk 0:24:26]} 47. Be6 {[%clk 0:06:15]} Ra3+
{[%clk 0:23:03]} 48. Kb4 {[%clk 0:06:31]} Re3 49. Bb3 {[%clk 0:06:41]} *

[Event "DVM U16 2015"]
[Site "Lingen (Ems) GER"]
[Date "2015.12.27"]
[Round "1"]
[White "Henning, Yannick"]
[Black "Laubrock, Paul"]
[Result "0-1"]
[Termination "normal"]
[Board "3.3"]
[WhiteElo "1696"]
[BlackElo "1980"]
[WhiteClock "00:30:54"]
[BlackClock "00:22:22"]
[WhiteTeam "SC Aurich"]
[BlackTeam "Hagener SV"]
[PlyCount "58"]
[WhiteFideId "12930296"]
[BlackFideId "1270509"]
[EventCountry "GER"]
[EventRounds "7"]
[EventType "team-swiss"]
[EventDate "2015.12.26"]

1. d4 {[%clk 1:30:55]} d5 {[%clk 1:30:44]} 2. Nf3 {[%clk 1:31:09]} e6 {[%clk
1:30:22]} 3. c4 {[%clk 1:30:41]} c6 {[%clk 1:30:37]} 4. e3 {[%clk 1:26:35]} f5
{[%clk 1:30:43]} 5. Nc3 {[%clk 1:14:15]} Nf6 {[%clk 1:30:39]} 6. Qc2 {[%clk
0:59:15]} Bd6 {[%clk 1:29:23]} 7. b3 {[%clk 0:48:43]} O-O {[%clk 1:27:58]} 8.
Bb2 {[%clk 0:46:03]} Ne4 {[%clk 1:25:49]} 9. Bd3 {[%clk 0:32:27]} Nd7 {[%clk
1:23:16]} 10. g4 {[%clk 0:21:05]} Nxc3 {[%clk 1:10:49]} 11. Bxc3 {[%clk
0:20:52]} Nf6 {[%clk 1:03:03]} 12. h3 {[%clk 0:14:48]} Ne4 {[%clk 0:59:32]} 13.
Ke2 {[%clk 0:12:24]} Qf6 {[%clk 0:52:33]} 14. g5 {[%clk 0:07:04]} Nxg5 {[%clk
0:49:59]} 15. Nxg5 {[%clk 0:07:24]} Qxg5 {[%clk 0:50:25]} 16. Rag1 {[%clk
0:06:59]} Qe7 {[%clk 0:48:20]} 17. h4 {[%clk 0:05:12]} e5 {[%clk 0:44:33]} 18.
dxe5 {[%clk 0:04:52]} Bxe5 {[%clk 0:44:52]} 19. cxd5 {[%clk 0:03:50]} cxd5
{[%clk 0:44:53]} 20. Qb2 {[%clk 0:03:40]} Bf6 {[%clk 0:43:54]} 21. Rg2 {[%clk
0:02:52]} Bd7 {[%clk 0:40:02]} 22. Rhg1 {[%clk 0:02:45]} Bxc3 {[%clk 0:40:05]}
23. Qxc3 {[%clk 0:03:05]} Rf7 {[%clk 0:40:26]} 24. Qd4 {[%clk 0:02:31]} f4
{[%clk 0:33:12]} 25. Rg5 {[%clk 0:01:20]} fxe3 {[%clk 0:32:41]} 26. fxe3 {[%clk
0:01:22]} Raf8 {[%clk 0:27:44]} 27. Bxh7+ {[%clk 0:00:35]} Kxh7 {[%clk
0:26:05]} 28. R5g3 {[%clk 0:00:31]} Bb5+ {[%clk 0:22:22]} 29. Kd2 {[%clk
0:30:54]} Rf2+ 0-1

[Event "DVM U16 2015"]
[Site "Lingen (Ems) GER"]
[Date "2015.12.27"]
[Round "1"]
[White "Hoppe, Andreas"]
[Black "Rajendram, Reanosh"]
[Result "0-1"]
[Termination "normal"]
[Board "3.4"]
[WhiteElo "1901"]
[BlackElo "1533"]
[WhiteClock "00:07:28"]
[BlackClock "00:11:09"]
[WhiteTeam "Hagener SV"]
[BlackTeam "SC Aurich"]
[PlyCount "76"]
[WhiteFideId "12922811"]
[BlackFideId "12965162"]
[EventCountry "GER"]
[EventRounds "7"]
[EventType "team-swiss"]
[EventDate "2015.12.26"]

1. e4 {[%clk 1:30:58]} c5 {[%clk 1:30:56]} 2. Nf3 {[%clk 1:31:23]} Nc6 {[%clk
1:31:20]} 3. d4 {[%clk 1:31:47]} cxd4 {[%clk 1:31:44]} 4. Nxd4 {[%clk 1:32:12]}
Nf6 {[%clk 1:32:09]} 5. Nc3 {[%clk 1:32:14]} e5 {[%clk 1:32:29]} 6. Ndb5 {[%clk
1:32:29]} d6 {[%clk 1:32:50]} 7. Bg5 {[%clk 1:32:10]} a6 {[%clk 1:32:10]} 8.
Na3 {[%clk 1:32:26]} b5 {[%clk 1:32:33]} 9. Bxf6 {[%clk 1:30:18]} gxf6 {[%clk
1:31:20]} 10. Nd5 {[%clk 1:29:56]} Bg7 {[%clk 1:29:49]} 11. Qd2 {[%clk
1:27:23]} O-O {[%clk 1:28:59]} 12. c4 {[%clk 1:26:31]} b4 {[%clk 1:16:22]} 13.
Nxb4 {[%clk 1:23:59]} Nxb4 {[%clk 1:16:44]} 14. Qxb4 {[%clk 1:24:23]} Ra7
{[%clk 1:16:06]} 15. O-O-O {[%clk 1:22:40]} Rd7 {[%clk 1:15:27]} 16. Be2 {[%clk
1:22:22]} a5 {[%clk 1:13:56]} 17. Qd2 {[%clk 1:21:37]} Qb6 {[%clk 1:10:52]} 18.
f3 {[%clk 1:12:45]} Rb7 {[%clk 1:11:03]} 19. Nb5 {[%clk 1:11:14]} Rd8 {[%clk
1:09:51]} 20. Qc3 {[%clk 1:04:20]} f5 {[%clk 1:04:33]} 21. Rd3 {[%clk 1:00:24]}
Be6 {[%clk 1:01:04]} 22. Rhd1 {[%clk 0:57:28]} Bf8 {[%clk 1:00:54]} 23. a4
{[%clk 0:53:35]} Rbb8 {[%clk 1:00:12]} 24. b3 {[%clk 0:49:29]} Rb7 {[%clk
0:46:09]} 25. Qd2 {[%clk 0:47:07]} Rbd7 {[%clk 0:45:52]} 26. Qg5+ {[%clk
0:46:26]} Bg7 {[%clk 0:44:16]} 27. exf5 {[%clk 0:46:12]} f6 {[%clk 0:42:34]}
28. Qg4 {[%clk 0:41:16]} Bf7 {[%clk 0:42:38]} 29. f4 {[%clk 0:39:22]} Qc5
{[%clk 0:34:15]} 30. Rg3 {[%clk 0:29:30]} Be8 {[%clk 0:33:11]} 31. fxe5 {[%clk
0:29:02]} dxe5 {[%clk 0:32:04]} 32. Nd6 {[%clk 0:27:02]} h5 {[%clk 0:30:26]}
33. Qe4 {[%clk 0:13:20]} Rxd6 {[%clk 0:29:22]} 34. Rxd6 {[%clk 0:12:12]} Qxd6
{[%clk 0:29:14]} 35. Rd3 {[%clk 0:12:08]} Qa3+ {[%clk 0:29:14]} 36. Kc2 {[%clk
0:10:18]} Rxd3 {[%clk 0:17:30]} 37. Qxd3 {[%clk 0:08:22]} Qc5 {[%clk 0:15:56]}
38. Qd8 {[%clk 0:07:28]} Kf8 {[%clk 0:11:09]} *

[Event "DVM U16 2015"]
[Site "Lingen (Ems) GER"]
[Date "2015.12.27"]
[Round "1"]
[White "Hartge, Gedeon"]
[Black "Grohmann, Alexander"]
[Result "1/2-1/2"]
[Termination "normal"]
[Board "4.1"]
[WhiteElo "1971"]
[BlackElo "1753"]
[WhiteTeam "USV Volksbank Halle"]
[BlackTeam "FVS ASP Hoyerswerda"]
[PlyCount "48"]
[WhiteFideId "12932116"]
[BlackFideId "12947679"]
[EventCountry "GER"]
[EventRounds "7"]
[EventType "team-swiss"]
[EventDate "2015.12.26"]

1. d4 Nf6 2. c4 e6 3. Nf3 d5 4. cxd5 exd5 5. Bg5 Be7 6. e3 c6 7. Bd3 Be6 8. Qc2
h6 9. Bf4 Nbd7 10. h3 Qb6 11. Nc3 Qd8 12. O-O O-O 13. Rab1 a5 14. a3 Ne8 15. b4
axb4 16. axb4 Bd6 17. Bxd6 Nxd6 18. Rfc1 b5 19. Ne2 Nc4 20. Bxc4 dxc4 21. Nf4
Qf6 22. Ra1 Bd5 23. Nh2 Qe7 24. Qc3 Nb6 1/2-1/2

[Event "DVM U16 2015"]
[Site "Lingen (Ems) GER"]
[Date "2015.12.27"]
[Round "1"]
[White "Rössel, Louis"]
[Black "Gröbel, Aaron"]
[Result "0-1"]
[Termination "normal"]
[Board "4.2"]
[WhiteElo "1772"]
[BlackElo "1892"]
[WhiteTeam "FVS ASP Hoyerswerda"]
[BlackTeam "USV Volksbank Halle"]
[PlyCount "132"]
[WhiteFideId "12966398"]
[BlackFideId "12914851"]
[EventCountry "GER"]
[EventRounds "7"]
[EventType "team-swiss"]
[EventDate "2015.12.26"]

1. e4 e5 2. Nf3 Nc6 3. Bc4 Bc5 4. c3 Nf6 5. d3 d6 6. Bb3 h6 7. Nbd2 O-O 8. Nf1
Ne7 9. Ng3 Ng6 10. Be3 Bxe3 11. fxe3 Bg4 12. O-O Nh4 13. Nf5 Nxf5 14. exf5 Qe7
15. e4 Nh5 16. h3 Bxf3 17. Qxf3 Nf4 18. Kh2 Qh4 19. Rad1 Kh7 20. Rd2 Qg5 21.
Qf2 Nh5 22. Bd1 Nf6 23. h4 Ng4+ 24. Bxg4 Qxg4 25. Re2 Qh5 26. f6 g5 27. Qf5+
Qg6 28. hxg5 hxg5 29. Re3 Rh8 30. Rg3 Qxf5 31. Rxf5 Kg6+ 32. Kg1 Rh5 33. Kf2
Re8 34. Kf3 Re6 35. Kg4 Rh4+ 36. Kf3 Rf4+ 37. Rxf4 exf4 38. Rh3 Re8 39. Kg4
Kxf6 40. Rh6+ Kg7 41. Rh5 f6 42. c4 Re5 43. Rh3 b5 44. cxb5 Rxb5 45. b3 Ra5 46.
a4 Rc5 47. d4 Rc2 48. g3 Rg2 49. Kf3 Rxg3+ 50. Rxg3 fxg3 51. Kxg3 c5 52. d5 Kh6
53. a5 a6 54. Kg4 Kg6 55. Kf3 Kh5 56. Kg3 g4 57. Kf4 Kh4 58. Kf5 g3 59. Kxf6 g2
60. Ke6 g1=Q 61. Kxd6 Qg6+ 62. Kxc5 Qxe4 63. Kb6 Qxd5 64. Kxa6 Qxb3 65. Ka7 Qb5
66. a6 Kg5 0-1

[Event "DVM U16 2015"]
[Site "Lingen (Ems) GER"]
[Date "2015.12.27"]
[Round "1"]
[White "Perekhozhuk, Maksym"]
[Black "Laskow, Vincent"]
[Result "1/2-1/2"]
[Termination "normal"]
[Board "4.3"]
[WhiteElo "1875"]
[BlackElo "1733"]
[WhiteTeam "USV Volksbank Halle"]
[BlackTeam "FVS ASP Hoyerswerda"]
[PlyCount "83"]
[WhiteFideId "12914860"]
[BlackFideId "12947652"]
[EventCountry "GER"]
[EventRounds "7"]
[EventType "team-swiss"]
[EventDate "2015.12.26"]

1. e4 c5 2. Nf3 d6 3. d4 cxd4 4. Nxd4 Nf6 5. Nc3 a6 6. f4 e5 7. Nf3 Nbd7 8. Bd3
Be7 9. O-O b5 10. a3 Bb7 11. Qe2 O-O 12. Be3 Ng4 13. Rad1 d5 14. fxe5 Nxe3 15.
Qxe3 Bc5 16. Nd4 Nxe5 17. exd5 Nxd3 18. Qxd3 Bxd5 19. Nxd5 Qxd5 20. Kh1 Rad8
21. c3 Rfe8 22. Rfe1 Rxe1+ 23. Rxe1 Bxd4 24. cxd4 g6 25. Rd1 Kg7 26. Kg1 Rd6
27. h3 h5 28. b3 Re6 29. Qc2 Re3 30. b4 Rxa3 31. Qc5 Qxc5 32. dxc5 a5 33. bxa5
b4 34. Rb1 Rxa5 35. Rxb4 Rxc5 36. Rb6 Rc3 37. Kf2 Ra3 38. Rc6 Rb3 39. Ra6 Rc3
40. Rb6 Ra3 41. Rc6 Rd3 42. Rb6 1/2-1/2

[Event "DVM U16 2015"]
[Site "Lingen (Ems) GER"]
[Date "2015.12.27"]
[Round "1"]
[White "Hassemeier, Mika"]
[Black "Schulte, Felix"]
[Result "0-1"]
[Termination "normal"]
[Board "4.4"]
[WhiteElo "1773"]
[BlackElo "1813"]
[WhiteTeam "FVS ASP Hoyerswerda"]
[BlackTeam "USV Volksbank Halle"]
[PlyCount "60"]
[WhiteFideId "12994880"]
[BlackFideId "12914800"]
[EventCountry "GER"]
[EventRounds "7"]
[EventType "team-swiss"]
[EventDate "2015.12.26"]

1. e4 c5 2. c3 g6 3. Nf3 Bg7 4. d4 cxd4 5. cxd4 d5 6. exd5 Nf6 7. Nc3 O-O 8.
Be2 Nbd7 9. O-O Nb6 10. Ne5 Nfxd5 11. Bf3 Be6 12. Ne4 Qc7 13. Nc5 Bxe5 14. Nxe6
Bxh2+ 15. Kh1 fxe6 16. Bg4 Bf4 17. Bxe6+ Kg7 18. Bxf4 Rxf4 19. g3 Rf6 20. Rc1
Qd6 21. Bh3 Raf8 22. Kg1 h5 23. Bg2 h4 24. Qe1 hxg3 25. fxg3 Rxf1+ 26. Bxf1 Qf6
27. Rd1 Qg5 28. Rd3 Nc4 29. Bg2 Nce3 30. Bxd5 Rf1+ 0-1

[Event "DVM U16 2015"]
[Site "Lingen (Ems) GER"]
[Date "2015.12.27"]
[Round "1"]
[White "Hesse, Henrik"]
[Black "Walker, Julia"]
[Result "1-0"]
[Termination "normal"]
[Board "5.2"]
[WhiteElo "1916"]
[BlackElo "1772"]
[WhiteTeam "SV Mattnetz Berlin"]
[BlackTeam "SV Horst-Emscher 31"]
[PlyCount "67"]
[WhiteFideId "12952060"]
[BlackFideId "1271852"]
[EventCountry "GER"]
[EventRounds "7"]
[EventType "team-swiss"]
[EventDate "2015.12.26"]

1. c4 e6 2. Nf3 d5 3. g3 c5 4. Bg2 Nc6 5. O-O Nf6 6. cxd5 exd5 7. d4 c4 8. Ne5
Bf5 9. Bg5 Be7 10. Nc3 O-O 11. f3 Nxe5 12. dxe5 Nd7 13. Bxe7 Qxe7 14. g4 Qc5+
15. Kh1 Be6 16. f4 Bxg4 17. Qxd5 Rab8 18. Qe4 Rfe8 19. h3 Bh5 20. Qf5 f6 21.
Qxh5 fxe5 22. Ne4 Qe7 23. Qg5 exf4 24. Qxe7 Rxe7 25. Rxf4 b5 26. Raf1 b4 27.
Nd6 Nf6 28. Nxc4 Rxe2 29. Bf3 Rc2 30. Bd1 Rc1 31. Bb3 Rxf1+ 32. Rxf1 Kf8 33.
Ne5 Ke7 34. Nc6+ 1-0

[Event "DVM U16 2015"]
[Site "Lingen (Ems) GER"]
[Date "2015.12.27"]
[Round "1"]
[White "Rebentisch, Tom"]
[Black "Acikel, Mert"]
[Result "1-0"]
[Termination "normal"]
[Board "5.3"]
[WhiteElo "1838"]
[BlackElo "1859"]
[WhiteTeam "SV Horst-Emscher 31"]
[BlackTeam "SV Mattnetz Berlin"]
[PlyCount "83"]
[WhiteFideId "16202627"]
[BlackFideId "12956465"]
[EventCountry "GER"]
[EventRounds "7"]
[EventType "team-swiss"]
[EventDate "2015.12.26"]

1. e4 e5 2. Nf3 Nc6 3. Bb5 a6 4. Ba4 Nf6 5. O-O b5 6. Bb3 Be7 7. h3 d6 8. Re1
O-O 9. c3 Nb8 10. d4 Nbd7 11. c4 Bb7 12. Qc2 c5 13. dxe5 dxe5 14. Nc3 b4 15.
Nd5 Nxd5 16. cxd5 Bd6 17. Be3 a5 18. Nd2 Ba6 19. Bc4 Qb6 20. Bxa6 Qxa6 21. Nc4
Rfc8 22. Rac1 a4 23. f3 Rab8 24. Qf2 f6 25. Qg3 Bf8 26. h4 Nb6 27. Nxb6 Qxb6
28. Rc4 Qd6 29. Rec1 Rb5 30. Qf2 f5 31. Qc2 f4 32. Qxa4 Qb6 33. Bf2 Ra5 34. Qb3
Kh8 35. Rxb4 Qxb4 36. Qxb4 cxb4 37. Rxc8 Kg8 38. d6 Rxa2 39. d7 Ra1+ 40. Kh2
Rd1 41. d8=Q Rxd8 42. Rxd8 1-0

[Event "DVM U16 2015"]
[Site "Lingen (Ems) GER"]
[Date "2015.12.27"]
[Round "1"]
[White "Petersen, Marcel"]
[Black "Karabügül, Okan"]
[Result "1-0"]
[Termination "normal"]
[Board "5.4"]
[WhiteElo "1608"]
[BlackElo "1821"]
[WhiteTeam "SV Mattnetz Berlin"]
[BlackTeam "SV Horst-Emscher 31"]
[PlyCount "99"]
[WhiteFideId "12935670"]
[BlackFideId "12981842"]
[EventCountry "GER"]
[EventRounds "7"]
[EventType "team-swiss"]
[EventDate "2015.12.26"]

1. e4 e5 2. Bc4 Nf6 3. d3 Bc5 4. Bg5 d5 5. Bxd5 Bxf2+ 6. Kf1 Nxd5 7. exd5 Qxg5
8. Kxf2 Qf4+ 9. Nf3 Bg4 10. Qd2 Qf6 11. Qe3 Bxf3 12. gxf3 Nd7 13. Re1 O-O 14.
Nc3 Rfe8 15. Ne4 Qb6 16. Qxb6 Nxb6 17. c4 Nd7 18. b4 a5 19. a3 Ra6 20. Rg1 Rh6
21. Rg2 Ra8 22. Rag1 Rg6 23. Rxg6 hxg6 24. Rb1 axb4 25. Rxb4 f5 26. Ng5 Nc5 27.
Ke2 Rxa3 28. Rb5 Ra2+ 29. Kf1 b6 30. d6 cxd6 31. Rxb6 Kf8 32. Rxd6 Rd2 33. Rd5
Nb3 34. c5 Rc2 35. Rxe5 Nxc5 36. Rxc5 Rxh2 37. Re5 Rd2 38. Re3 Rd1+ 39. Ke2 Rg1
40. f4 Rg2+ 41. Kd1 Rg1+ 42. Kd2 Ra1 43. Re5 Ra2+ 44. Ke3 Ra3 45. Re6 Ra1 46.
d4 Ra3+ 47. Kd2 Ra2+ 48. Kc3 Rf2 49. Rxg6 Rf1 50. d5 1-0

[Event "DVM U16 2015"]
[Site "Lingen (Ems) GER"]
[Date "2015.12.27"]
[Round "1"]
[White "Oberhofer, Cédric"]
[Black "Kasüschke, Lars"]
[Result "1-0"]
[Termination "normal"]
[Board "6.1"]
[WhiteElo "2150"]
[BlackElo "1892"]
[WhiteTeam "SC Bavaria Regensburg 1881"]
[BlackTeam "SG Schwäbisch Gmünd 1872"]
[PlyCount "81"]
[WhiteFideId "12941220"]
[BlackFideId "12939510"]
[EventCountry "GER"]
[EventRounds "7"]
[EventType "team-swiss"]
[EventDate "2015.12.26"]

1. e4 c5 2. Nf3 d6 3. d4 cxd4 4. Nxd4 Nf6 5. Nc3 g6 6. Be3 Bg7 7. f3 O-O 8. Qd2
Nc6 9. O-O-O Bd7 10. g4 Rc8 11. h4 h5 12. gxh5 Nxh5 13. Rg1 Ne5 14. Be2 Nc4 15.
Bxc4 Rxc4 16. Nde2 b5 17. Bh6 Qa5 18. Bxg7 Kxg7 19. Qg5 Rc5 20. Rd5 b4 21. Qxh5
bxc3 22. Nxc3 Rb8 23. Rxc5 Qxc5 24. Qxc5 dxc5 25. h5 Bc6 26. Rg5 c4 27. hxg6
fxg6 28. Rc5 Ba8 29. Rc7 Kf6 30. Rxa7 Rc8 31. Kd2 Bc6 32. Ra6 Ke5 33. Ke3 g5
34. Ra5+ Kf6 35. f4 gxf4+ 36. Kxf4 Rh8 37. Ra6 Rc8 38. Nb5 Kf7 39. Na7 Ra8 40.
Rxc6 Rxa7 41. Rxc4 1-0

[Event "DVM U16 2015"]
[Site "Lingen (Ems) GER"]
[Date "2015.12.27"]
[Round "1"]
[White "Reindl, Arno"]
[Black "Dechant, Georg"]
[Result "1-0"]
[Termination "normal"]
[Board "6.2"]
[WhiteElo "1586"]
[BlackElo "1993"]
[WhiteTeam "SG Schwäbisch Gmünd 1872"]
[BlackTeam "SC Bavaria Regensburg 1881"]
[PlyCount "125"]
[WhiteFideId "12946729"]
[BlackFideId "12956716"]
[EventCountry "GER"]
[EventRounds "7"]
[EventType "team-swiss"]
[EventDate "2015.12.26"]

1. e4 c5 2. d4 cxd4 3. c3 dxc3 4. Nxc3 d6 5. Nf3 Nf6 6. Bc4 e6 7. O-O Be7 8.
Qe2 O-O 9. Rd1 e5 10. Nxe5 Qc7 11. Nf3 Bg4 12. Bb3 Nbd7 13. Bf4 Nh5 14. Bxd6
Bxd6 15. Nb5 Bxh2+ 16. Nxh2 Bxe2 17. Nxc7 Bxd1 18. Bxd1 Rac8 19. Nd5 Nhf6 20.
Ne7+ Kh8 21. Nxc8 Rxc8 22. f3 Ne5 23. Bb3 g5 24. Nf1 Nh5 25. Bd5 Nf4 26. Ne3
Rd8 27. Rd1 b6 28. Rd2 h5 29. Rc2 Rd7 30. Rc8+ Kh7 31. Re8 Neg6 32. g3 Nd3 33.
b3 Rc7 34. Bc4 Nde5 35. Nd5 Rc6 36. Ne7 Rf6 37. Nxg6 Nxg6 38. Kf2 g4 39. f4 h4
40. f5 Kg7 41. gxh4 Nxh4 42. Kg3 Nf3 43. Kxg4 Nd4 44. Bd5 a5 45. Rb8 Nc6 46.
Rb7 Ne5+ 47. Kf4 Nd3+ 48. Ke3 Nb4 49. Kf4 Nd3+ 50. Kg5 Ne5 51. Re7 Nc6 52. Re8
Nd4 53. Rg8+ Kxg8 54. Kxf6 Kf8 55. Bxf7 Nf3 56. e5 Nd4 57. e6 Nc6 58. Kg5 b5
59. Bh5 Ke7 60. Bg4 a4 61. f6+ Kd6 62. e7 Nxe7 63. f7 1-0

[Event "DVM U16 2015"]
[Site "Lingen (Ems) GER"]
[Date "2015.12.27"]
[Round "1"]
[White "Sammet, Dominik"]
[Black "Waibel, Christian"]
[Result "1/2-1/2"]
[Termination "normal"]
[Board "6.3"]
[WhiteElo "1685"]
[BlackElo "1565"]
[WhiteTeam "SC Bavaria Regensburg 1881"]
[BlackTeam "SG Schwäbisch Gmünd 1872"]
[PlyCount "112"]
[WhiteFideId "12987875"]
[BlackFideId "16217497"]
[EventCountry "GER"]
[EventRounds "7"]
[EventType "team-swiss"]
[EventDate "2015.12.26"]

1. e4 e5 2. Nf3 Nc6 3. Bb5 a6 4. Ba4 Nf6 5. O-O b5 6. Bb3 Be7 7. Re1 O-O 8. c3
d6 9. h3 Na5 10. Bc2 c5 11. d4 cxd4 12. cxd4 Qc7 13. Nc3 Bd7 14. Bg5 Rac8 15.
a3 Nc4 16. Rb1 Nxb2 17. Rxb2 Qxc3 18. Ra2 h6 19. dxe5 hxg5 20. exf6 Bxf6 21.
Qxd6 Be6 22. Re3 Qc4 23. Bb3 Qc1+ 24. Kh2 Rc6 25. Qd2 Bxb3 26. Rxb3 Qc4 27. Qd3
Re8 28. Re2 Qxd3 29. Rxd3 Rce6 30. Rde3 Be7 31. e5 Bc5 32. Rc3 Be7 33. Nd4 Rxe5
34. Rxe5 Bd6 35. f4 Rxe5 36. fxe5 Bxe5+ 37. Kh1 Bxd4 38. Rc8+ Kh7 39. Ra8 b4
40. axb4 Bc3 41. Rxa6 Bxb4 42. g4 Bc3 43. Kg2 Bf6 44. Kf3 Kg8 45. Ke4 Kf8 46.
Kd5 Bc3 47. Ra7 Bd2 48. Kd6 Bb4+ 49. Kd7 Kg8 50. Ke8 f6 51. Rb7 Ba3 52. Rb3 Bc5
53. Rc3 Bb4 54. Rc8 Ba3 55. Rb8 Bc5 56. Rb7 Ba3 1/2-1/2